LIBRARY & INFORMATION CENTRE, KCAET, TAVANUR

ONLINE PUBLIC ACCESS CATALOGUE (OPAC)

Virtual collections in digital libraries / (Record no. 13369)

MARC details
000 -LEADER
fixed length control field 00444cam a2200169ua 4500
041 ## - LANGUAGE CODE
Language code of text/sound track or separate title eng
082 ## - DEWEY DECIMAL CLASSIFICATION NUMBER
Classification number 027.00285
Item number AGA/VI
100 ## - MAIN ENTRY--AUTHOR NAME
Personal name Agarwal, Vibhuti .
245 ## - TITLE STATEMENT
Title Virtual collections in digital libraries /
260 ## - PUBLICATION, DISTRIBUTION, ETC. (IMPRINT)
Place of publication New Delhi :
Name of publisher Rajat Publications ,
Year of publication 2006.
300 ## - PHYSICAL DESCRIPTION
Number of Pages 268 ; .
942 ## - ADDED ENTRY ELEMENTS (KOHA)
Koha item type Books
Holdings
Withdrawn status Lost status Damaged status Home library Current library Date acquired Full call number Accession Number Koha item type
      KAUAET KAUAET 07/04/2012 027.00285 21662 Books
free website counter